000 00434nam a22001577a 4500
003 OSt
008 210913b ||||| |||| 00| 0 eng d
020 _a9789389547948
082 _a635
_bSIN/BA
100 _asingh,Rajaneesh
_95091
100 _aSingh,Bijendra kumar
_95092
245 _aBasic Horticulture & Fruit Production Technology
260 _aNew Delhi
_bNew India Pubishing Agency
_c2020
300 _a199 Pages
942 _cBK
999 _c17414
_d17414